Study of bioreactors with lipoxygenase for preparation of fatty acids hydroperoxides as precursors of natural aromas

Salvato in:
Dettagli Bibliografici
Autore principale: Djuriš, Martina
Natura: Libro
Lingua:inglese
Pubblicazione: Bratislava STU FCHPT 2008
Accesso online:Visualizza in OPAC
Tags: Aggiungi Tag
Nessun Tag, puoi essere il primo ad aggiungerne!!

MARC

LEADER 00000nam a2200000 a 4500
005 20260127134330.0
008 081021 2008 xo 000 0 eng d
035 |a vtls009350920 
039 9 |a 200810211106  |b mschk03  |y 200810211048  |z mschk03 
040 |a STUSCHK1  |b slo  |c STUSCHK1  |e AACR2 
100 1 |a Djuriš, Martina 
245 1 |a Study of bioreactors with lipoxygenase for preparation of fatty acids hydroperoxides as precursors of natural aromas  |c Martina Djuriš 
260 |a Bratislava  |b STU FCHPT  |c 2008 
300 |a 128 s.  |b il.  |c 30 cm 
500 |a Obháj.: 18.9. 2008 
500 |a Ústav chemického a environmentálneho inžinierstva, Odd. chemického a biochemického inžinierstva 
910 |a SCHK95 
999 |c 10067  |d 10067